Partidos de octavos (Catar 2022) - Estadísticas

Estadísticas generales
  • Esta prueba ha sido intentada 55 veces
  • La puntuación promedio es 6 de 8
Estadísticas de respuestas
Resultado Paises % Correcto
0-0 (3-0) Marruecos España
92%
2-1 Argentina Australia
88%
3-1 Francia Polonia
84%
6-1 Portugal Suiza
80%
4-1 Brasil Corea del sur
76%
3-1 Paises Bajos Estados Unidos
76%
3-0 Inglaterra Senegal
75%
1-1 (1-3) Japon Croacia
71%
No se encontraron pruebas coincidentes
Distribución de puntuación
Porcentaje de gente con cada puntuación
Porcentaje por número respondido
Historial de tus puntuaciones
No has intentado esta prueba.